[Event "4.liga A22 2019/2020"]
[Site "?"]
[Date "2020.01.12"]
[Round "6.3"]
[White "Jancicka, Viliam"]
[Black "Mezes, Kristof"]
[Result "1-0"]
[WhiteElo "1586"]
[BlackElo "1702"]
[PlyCount "101"]
[EventDate "2019.10.13"]
[WhiteTeam "ŠK Hlohovec B"]
[BlackTeam "ŠK Dunajská Streda C"]

1. d4 e6 2. e4 d5 3. e5 c5 4. Bb5+ Bd7 5. Bxd7+ Qxd7 6. Nf3 Qb5 7. Nc3 Qb6 8.
O-O Nc6 9. Na4 Qa5 10. c3 cxd4 11. cxd4 Nge7 12. Nc5 Qc7 13. Bd2 b6 14. Nb3 Nf5
15. a3 Be7 16. Rc1 Qb7 17. Rc3 Rc8 18. Qe2 O-O 19. Rfc1 a5 20. Qd3 Na7 21. Rxc8
Rxc8 22. Rxc8+ Qxc8 23. Nc1 Qc4 24. g4 Nh4 25. Nxh4 Bxh4 26. b4 Be7 27. bxa5
bxa5 28. Qxc4 dxc4 29. Bxa5 Bxa3 30. Ne2 Bb2 31. Bc3 Bxc3 32. Nxc3 Kf8 33. Kf1
Ke7 34. Ke2 Kd7 35. f4 Kc6 36. Kd2 Nc8 37. f5 Nb6 38. h4 Nd5 39. Nxd5 Kxd5 40.
Kc3 h5 41. f6 g6 42. g5 Ke4 43. Kxc4 Kf4 44. Kc5 Ke4 45. d5 exd5 46. e6 fxe6
47. f7 Kf4 48. f8=Q+ Kg4 49. Qf6 Kxh4 50. Qf4+ Kh3 51. Kd4 1-0

[Event "4.liga A22 2019/2020"]
[Site "?"]
[Date "2020.01.12"]
[Round "6.3"]
[White "Vida, Gergo"]
[Black "Motycka, Juraj"]
[Result "1-0"]
[WhiteElo "1059"]
[BlackElo "1498"]
[PlyCount "117"]
[EventDate "2019.10.13"]
[WhiteTeam "ŠK Dunajská Streda C"]
[BlackTeam "ŠK Hlohovec B"]

1. e4 c5 2. Nf3 e6 3. d4 cxd4 4. Nxd4 Nf6 5. Nc3 d6 6. b3 Nc6 7. Nf3 Be7 8. Be2
O-O 9. O-O a6 10. a4 Bd7 11. Bb2 Rc8 12. Qd2 Qc7 13. Rad1 Rfd8 14. Qc1 Be8 15.
Rfe1 Nd7 16. h3 Nde5 17. Nxe5 Nxe5 18. f4 Nd7 19. Rf1 e5 20. f5 Nc5 21. Nd5 Qd7
22. f6 Bxf6 23. Rxf6 Kh8 24. Rf3 Nxe4 25. Nb6 Qc7 26. Nxc8 Qxc8 27. c4 f5 28.
Bd3 Qc5+ 29. Qe3 f4 30. Qxc5 Nxc5 31. Bc2 Kg8 32. Bxe5 Bh5 33. Bxd6 Ne6 34. Ba3
Rxd1+ 35. Bxd1 Bxf3 36. Bxf3 b6 37. Bd5 Kf7 38. Kf2 Kf6 39. Bxe6 Kxe6 40. Kf3
Kf5 41. b4 g5 42. c5 bxc5 43. bxc5 h5 44. c6 g4+ 45. hxg4+ hxg4+ 46. Kf2 Ke6
47. Bc1 Kd6 48. Bxf4+ Kxc6 49. Kg3 Kc5 50. Kxg4 Kb4 51. Kf5 Kxa4 52. g4 Kb3 53.
g5 a5 54. g6 a4 55. g7 a3 56. g8=Q+ Kb2 57. Be5+ Kb1 58. Qb3+ Kc1 59. Bf4# 1-0

[Event "4.liga A22 2019/2020"]
[Site "?"]
[Date "2020.01.12"]
[Round "6.4"]
[White "Bango, Lukas"]
[Black "Bisco, Igor"]
[Result "1-0"]
[WhiteElo "2144"]
[BlackElo "1990"]
[PlyCount "67"]
[EventDate "2019.10.13"]
[WhiteTeam "ŠK KOMPLET Trnava - Modranka B"]
[BlackTeam "ŠK Hlohovec A"]

1. Nf3 Nf6 2. d4 g6 3. Bf4 Bg7 4. Nbd2 d5 5. e3 O-O 6. Bd3 c5 7. c3 cxd4 8.
exd4 Nc6 9. h3 b6 10. O-O Bb7 11. Qe2 e6 12. Ne5 Nxe5 13. Bxe5 Bc6 14. Rae1 Re8
15. f4 Nd7 16. Bxg7 Kxg7 17. Nf3 Nf6 18. Ne5 Bb7 19. g4 Ne4 20. g5 f6 21. Ng4
fxg5 22. Bxe4 dxe4 23. Qb5 Bd5 24. c4 a6 25. Qb4 Bb7 26. d5 gxf4 27. Rxe4 e5
28. Qc3 Qg5 29. Rxe5 Rxe5 30. Qxe5+ Qxe5 31. Nxe5 g5 32. Nd7 b5 33. Nb6 Rd8 34.
c5 1-0

[Event "4.liga A22 2019/2020"]
[Site "?"]
[Date "2020.01.12"]
[Round "6.4"]
[White "Starzec, Juraj"]
[Black "Bango, Dominik"]
[Result "1-0"]
[WhiteElo "1933"]
[BlackElo "1839"]
[PlyCount "39"]
[EventDate "2019.10.13"]
[WhiteTeam "ŠK Hlohovec A"]
[BlackTeam "ŠK KOMPLET Trnava - Modranka B"]

1. e4 e5 2. Nf3 Nc6 3. Bc4 Bc5 4. O-O Nf6 5. d4 Bxd4 6. Nxd4 Nxd4 7. f4 d6 8.
fxe5 dxe5 9. Bg5 Be6 10. Na3 h6 11. Bxf6 gxf6 12. c3 Bxc4 13. Nxc4 Nc6 14. Qf3
Rg8 15. Rad1 Qe7 16. Ne3 Qe6 17. Qxf6 Rg6 18. Qh8+ Ke7 19. Qxa8 Qh3 20. Nf5+
1-0

[Event "4.liga A22 2019/2020"]
[Site "?"]
[Date "2020.01.12"]
[Round "6.4"]
[White "Lopatievov, Alexander"]
[Black "Gajarsky, Roman"]
[Result "1-0"]
[WhiteElo "1851"]
[BlackElo "1772"]
[PlyCount "97"]
[EventDate "2019.10.13"]
[WhiteTeam "ŠK KOMPLET Trnava - Modranka B"]
[BlackTeam "ŠK Hlohovec A"]

1. e4 e5 2. c3 c5 3. Nf3 Nf6 4. Qc2 Nc6 5. Bc4 h6 6. a3 Bd6 7. b4 O-O 8. d3 b6
9. Be3 Bb7 10. h3 Rc8 11. Nbd2 Qc7 12. Qb2 Ne7 13. O-O Ng6 14. Rfc1 Be7 15.
bxc5 bxc5 16. Rab1 Bc6 17. Qa2 d6 18. a4 Nf4 19. Bxf4 exf4 20. Rb2 g5 21. Re1
Nd7 22. d4 Qa5 23. Nb3 Qxa4 24. Na5 Nb6 25. Nxc6 Qxc6 26. Bd3 c4 27. Bc2 Rc7
28. Qa5 Qd7 29. e5 d5 30. e6 fxe6 31. Ne5 Qd6 32. Qa1 Bf6 33. Nf3 Rg7 34. Ra2
Rff7 35. Nh2 h5 36. Qd1 g4 37. hxg4 hxg4 38. Nxg4 Rg5 39. Nh6+ Kf8 40. Nxf7
Kxf7 41. Rxa7+ Kf8 42. Qf3 e5 43. dxe5 Bxe5 44. Rb1 Qc5 45. Rb7 Bc7 46. R7xb6
Rxg2+ 47. Kxg2 Bxb6 48. Qxf4+ Ke7 49. Qe3+ 1-0

[Event "4.liga A22 2019/2020"]
[Site "?"]
[Date "2020.01.12"]
[Round "6.4"]
[White "Barca, Michal"]
[Black "Kramar, Matus"]
[Result "1/2-1/2"]
[WhiteElo "1736"]
[BlackElo "1670"]
[PlyCount "57"]
[EventDate "2019.10.13"]
[WhiteTeam "ŠK Hlohovec A"]
[BlackTeam "ŠK KOMPLET Trnava - Modranka B"]

1. c4 Nf6 2. Nc3 e5 3. Nf3 d6 4. g3 Be7 5. Bg2 O-O 6. O-O c5 7. a3 Nc6 8. e3
Be6 9. b3 Qb6 10. d4 cxd4 11. Na4 Qc7 12. exd4 Bg4 13. dxe5 dxe5 14. h3 Bxf3
15. Qxf3 Nd4 16. Qd3 Rfd8 17. Bb2 Rac8 18. Rfd1 b6 19. Rac1 Bf8 20. Qe3 Rd7 21.
b4 Rcd8 22. Re1 Re8 23. c5 b5 24. Nc3 a6 25. Rcd1 Nc2 26. Rxd7 Nxd7 27. Nd5 Qb8
28. Qe4 Nxe1 29. Qxe1 1/2-1/2

[Event "4.liga A22 2019/2020"]
[Site "?"]
[Date "2020.01.12"]
[Round "6.4"]
[White "Lezovic, Maros"]
[Black "Janas, Peter"]
[Result "1/2-1/2"]
[WhiteElo "1836"]
[BlackElo "1734"]
[PlyCount "97"]
[EventDate "2019.10.13"]
[WhiteTeam "ŠK KOMPLET Trnava - Modranka B"]
[BlackTeam "ŠK Hlohovec A"]

1. e4 d5 2. exd5 Qxd5 3. Nc3 Qa5 4. Nf3 Bg4 5. g3 Nf6 6. Bg2 c6 7. O-O Nbd7 8.
d3 Qh5 9. Qe2 e6 10. Ne4 Nxe4 11. Qxe4 Be7 12. Nd4 Nf6 13. Qe1 O-O 14. f3 Bh3
15. Ne2 Bxg2 16. Kxg2 Qc5 17. Nc3 Nd5 18. Rf2 Qa5 19. Bd2 Bb4 20. Nxd5 Bxd2 21.
Ne7+ Kh8 22. Qxd2 Qc5 23. Nxc6 Qxc6 24. c3 Rfd8 25. Qe3 Rd7 26. d4 a5 27. a3
Rc8 28. Rc1 Qc4 29. Rd2 Kg8 30. Rdd1 Rd5 31. Qd3 Qc7 32. Re1 h6 33. f4 Qc6 34.
Kg1 b5 35. Re5 Rcd8 36. Rce1 Rxe5 37. Rxe5 Rd5 38. b3 Qd7 39. Rxd5 exd5 40. c4
dxc4 41. bxc4 bxc4 42. Qxc4 a4 43. Kf2 g6 44. d5 Kh7 45. Kf3 h5 46. Qd3 f5 47.
Ke3 Qa7+ 48. Qd4 Qd7 49. Kd2 1/2-1/2

[Event "4.liga A22 2019/2020"]
[Site "?"]
[Date "2020.01.12"]
[Round "6.5"]
[White "Schmikli, Laszlo"]
[Black "Bohunicky, Ivan"]
[Result "1/2-1/2"]
[WhiteElo "2232"]
[BlackElo "1899"]
[PlyCount "56"]
[EventDate "2019.10.13"]
[WhiteTeam "MĹ K Corvin VeÄľkĂ˝ Meder"]
[BlackTeam "Ĺ K DolnĂˇ KrupĂˇ"]

1. e4 d5 2. e5 c5 3. b4 cxb4 4. d4 Nc6 5. Be3 g6 6. Bd3 Nh6 7. Ne2 Nf5 8. Bxf5
Bxf5 9. Ng3 Qd7 10. O-O h5 11. a3 h4 12. Ne2 Rc8 13. axb4 Nxb4 14. c3 Nc2 15.
Rxa7 Nxe3 16. fxe3 Bg4 17. Qd2 Qb5 18. Nf4 Bf5 19. Ra2 e6 20. Rc1 Be7 21. c4
dxc4 22. Nc3 Qd7 23. Qb2 Rb8 24. Nb5 O-O 25. Rxc4 Rfc8 26. Rxc8+ Rxc8 27. Nc3
Rc6 28. Nfe2 Bg4 1/2-1/2

[Event "4.liga A22 2019/2020"]
[Site "?"]
[Date "2020.01.12"]
[Round "6.5"]
[White "Polak, Peter"]
[Black "Sarkozi, Szabolcs"]
[Result "0-1"]
[WhiteElo "1819"]
[BlackElo "2052"]
[PlyCount "102"]
[EventDate "2019.10.13"]
[WhiteTeam "Ĺ K DolnĂˇ KrupĂˇ"]
[BlackTeam "MĹ K Corvin VeÄľkĂ˝ Meder"]

1. e4 g6 2. d4 Bg7 3. Nf3 d6 4. Bc4 Nf6 5. Qe2 O-O 6. Bb3 Bg4 7. c3 Na6 8. O-O
Nd7 9. h3 Bxf3 10. Qxf3 e5 11. Be3 Qe7 12. Nd2 Rae8 13. Qg3 Kh8 14. f4 exd4 15.
cxd4 c5 16. e5 cxd4 17. Bxd4 dxe5 18. fxe5 Bxe5 19. Bxe5+ Qxe5 20. Qxe5+ Nxe5
21. Nc4 Nxc4 22. Bxc4 f5 23. Bxa6 bxa6 24. Rac1 Kg7 25. Rc6 Rf6 26. Rc7+ Rf7
27. Rfc1 Re1+ 28. Rxe1 Rxc7 29. Re6 Kh6 30. Rxa6 Kg5 31. Ra4 Rb7 32. b3 Rc7 33.
Kf2 h6 34. h4+ Kh5 35. g3 g5 36. hxg5 hxg5 37. Ke3 Rf7 38. Kf3 Rc7 39. Ke3 Rc3+
40. Kf2 a6 41. Rxa6 Kg4 42. b4 Rf3+ 43. Ke2 Rxg3 44. Kf2 f4 45. b5 Rh3 46. Kg1
Rd3 47. Re6 Rd2 48. a4 Ra2 49. Re4 Kg3 50. Kf1 f3 51. b6 Rh2 0-1

[Event "4.liga A22 2019/2020"]
[Site "?"]
[Date "2020.01.12"]
[Round "6.5"]
[White "Vegh, Vince"]
[Black "Brestovansky, Anton"]
[Result "1-0"]
[WhiteElo "1917"]
[BlackElo "1683"]
[PlyCount "77"]
[EventDate "2019.10.13"]
[WhiteTeam "MĹ K Corvin VeÄľkĂ˝ Meder"]
[BlackTeam "Ĺ K DolnĂˇ KrupĂˇ"]

1. e4 c5 2. Nf3 Nc6 3. d4 cxd4 4. Nxd4 d6 5. Nc3 Nf6 6. f3 e6 7. Be3 Be7 8. Be2
O-O 9. Qd2 d5 10. Nxc6 bxc6 11. O-O-O Nd7 12. g4 Nb6 13. h4 Bb7 14. Qe1 Bb4 15.
a3 Bd6 16. Qf2 Qc7 17. f4 c5 18. Nb5 Qe7 19. Nxd6 Qxd6 20. Bxc5 Qc6 21. Bxf8
Rxf8 22. e5 Rc8 23. Bd3 a5 24. f5 Nd7 25. Rhe1 Nc5 26. h5 Qb6 27. Kb1 Rb8 28.
fxe6 fxe6 29. Rf1 Qc7 30. Qf4 Nxd3 31. cxd3 Ba6 32. Rf2 h6 33. g5 hxg5 34. Qxg5
Qc5 35. h6 Rb7 36. h7+ Kh8 37. Qd8+ Kxh7 38. Rh1+ Kg6 39. Qe8+ 1-0

[Event "4.liga A22 2019/2020"]
[Site "?"]
[Date "2020.01.12"]
[Round "6.5"]
[White "Petras, Stefan"]
[Black "Csefalvay, Stefan"]
[Result "0-1"]
[WhiteElo "1698"]
[BlackElo "1761"]
[PlyCount "54"]
[EventDate "2019.10.13"]
[WhiteTeam "Ĺ K DolnĂˇ KrupĂˇ"]
[BlackTeam "MĹ K Corvin VeÄľkĂ˝ Meder"]

1. e4 c5 2. Nf3 Nc6 3. Nc3 Nf6 4. d4 cxd4 5. Nxd4 d6 6. Bb5 Bd7 7. Bg5 e6 8. a3
Be7 9. O-O a6 10. Nxc6 bxc6 11. Bd3 O-O 12. Qf3 Qa5 13. Bd2 Qc7 14. Rfe1 e5 15.
h3 Be6 16. Be2 d5 17. Qg3 d4 18. Bh6 Ne8 19. Na4 Qa5 20. b3 Kh8 21. Bf4 exf4
22. Qxf4 Qg5 23. Qxg5 Bxg5 24. Nc5 Nc7 25. Bd3 Be7 26. Nxe6 Nxe6 27. f4 Nxf4
0-1

[Event "4.liga A22 2019/2020"]
[Site "?"]
[Date "2020.01.12"]
[Round "6.5"]
[White "Pszota, Mate"]
[Black "Bohunicky, Pavol"]
[Result "1/2-1/2"]
[WhiteElo "1575"]
[BlackElo "1607"]
[PlyCount "119"]
[EventDate "2019.10.13"]
[WhiteTeam "MĹ K Corvin VeÄľkĂ˝ Meder"]
[BlackTeam "Ĺ K DolnĂˇ KrupĂˇ"]

1. f4 d6 2. Nf3 Nf6 3. g3 g6 4. Bg2 Bg7 5. d3 O-O 6. O-O Nc6 7. e4 e5 8. f5 d5
9. Nc3 dxe4 10. dxe4 Qxd1 11. Nxd1 Nxe4 12. fxg6 fxg6 13. Nxe5 Rxf1+ 14. Kxf1
Nxg3+ 15. hxg3 Nxe5 16. Bd5+ Kh8 17. Bf4 c6 18. Bb3 Bh3+ 19. Kg1 Ng4 20. c3 Re8
21. Nf2 Nxf2 22. Kxf2 Bf8 23. Be3 a6 24. Rh1 Be6 25. Bd4+ Bg7 26. Bxg7+ Kxg7
27. Bxe6 Rxe6 28. Rd1 Re7 29. Rd6 h5 30. b4 Kf7 31. a4 Re6 32. Rd7+ Re7 33. Rd6
Kg7 34. Kf3 Kh6 35. a5 Kg5 36. c4 Kf5 37. b5 axb5 38. cxb5 cxb5 39. Rd5+ Re5
40. Rd7 b4 41. Rxb7 Rxa5 42. Rxb4 Kg5 43. Rc4 Rf5+ 44. Kg2 Re5 45. Kf3 Rf5+ 46.
Kg2 Rd5 47. Kf3 Rd3+ 48. Kg2 Rd2+ 49. Kg1 Kf5 50. Rf4+ Ke5 51. Rh4 Rd4 52. Rxd4
Kxd4 53. Kg2 Ke4 54. Kh3 Kf5 55. Kh4 Kf6 56. g4 hxg4 57. Kxg4 g5 58. Kg3 Kf5
59. Kf3 g4+ 60. Kg2 1/2-1/2

[Event "4.liga A22 2019/2020"]
[Site "?"]
[Date "2020.01.12"]
[Round "6.6"]
[White "Kosticky, Simon"]
[Black "Sturdik, Igor"]
[Result "1-0"]
[WhiteElo "1818"]
[BlackElo "1958"]
[PlyCount "96"]
[EventDate "2019.10.13"]
[WhiteTeam "ŠK Lokomotíva Trnava C"]
[BlackTeam "ŠK Obecný úrad Špačince"]

1. c4 e5 2. Nc3 Nf6 3. g3 Nc6 4. d3 Bc5 5. Nf3 O-O 6. Bg5 h6 7. Bxf6 Qxf6 8.
Nd5 Qd8 9. Bg2 Ne7 10. Nd2 c6 11. Nc3 d6 12. O-O Be6 13. a3 a5 14. Rb1 d5 15.
b4 axb4 16. axb4 Ba7 17. c5 Bb8 18. Qc2 f5 19. Ra1 Bc7 20. Rxa8 Qxa8 21. Qb2 d4
22. Ncb1 Qa2 23. Qxa2 Bxa2 24. Na3 Bd5 25. Nac4 Ra8 26. Rb1 Bxg2 27. Kxg2 Nd5
28. Rb2 Kf7 29. b5 Ke6 30. bxc6 bxc6 31. Rb7 Rb8 32. Ra7 Rb5 33. e4 dxe3 34.
fxe3 Bd8 35. Rxg7 Bg5 36. Rg6+ Nf6 37. h4 Bxe3 38. Nxe3 Kf7 39. Rxh6 f4 40.
gxf4 exf4 41. Nec4 Kg7 42. Rxf6 Kxf6 43. Kf3 Ke6 44. Ne4 Rb3 45. Na5 Rxd3+ 46.
Kxf4 Kd5 47. Nb7 Rd4 48. Nbd6 Ra4 1-0

[Event "4.liga A22 2019/2020"]
[Site "?"]
[Date "2020.01.12"]
[Round "6.6"]
[White "Valach, Peter"]
[Black "Fajnor, Dusan"]
[Result "1-0"]
[WhiteElo "1774"]
[BlackElo "1628"]
[PlyCount "122"]
[EventDate "2019.10.13"]
[WhiteTeam "ŠK Obecný úrad Špačince"]
[BlackTeam "ŠK Lokomotíva Trnava C"]

1. d4 d5 2. c4 dxc4 3. Nc3 Nf6 4. e4 e6 5. Bxc4 Bb4 6. f3 O-O 7. Nge2 b6 8. O-O
Bb7 9. a3 Be7 10. Bf4 Nc6 11. b4 a6 12. Be3 Rc8 13. Qd3 b5 14. Ba2 Nb8 15. Rfd1
c6 16. Bb1 Ne8 17. e5 g6 18. Bh6 Ng7 19. Ng3 Bg5 20. Bxg7 Kxg7 21. f4 Bxf4 22.
Nh5+ Kg8 23. Nxf4 Qe7 24. Ne4 Rfd8 25. Nf6+ Kg7 26. Qh3 Rh8 27. Qg4 Nd7 28. Ne4
Rcd8 29. Nh5+ Kf8 30. Nhf6 Kg7 31. Bc2 Nb6 32. Bb3 Nd5 33. Bxd5 exd5 34. Nc5
Bc8 35. Qf4 Qc7 36. Rf1 a5 37. Rae1 Qe7 38. Rf3 a4 39. g4 Be6 40. Ref1 h6 41.
g5 h5 42. Nxe6+ Qxe6 43. h4 Rc8 44. Kg2 Rc7 45. Qg3 Rf8 46. Qh3 Qe7 47. Rc1 Qe6
48. Qxe6 fxe6 49. Rcf1 Rcf7 50. Ne8+ Kg8 51. Rxf7 Rxf7 52. Rf6 Rxf6 53. gxf6
Kf7 54. Nd6+ Kf8 55. Kg3 Kg8 56. Kf4 Kh7 57. Kg5 c5 58. dxc5 d4 59. c6 d3 60.
Ne4 d2 61. Nxd2 Kg8 1-0

[Event "4.liga A22 2019/2020"]
[Site "?"]
[Date "2020.01.12"]
[Round "6.6"]
[White "Nemcovic, Peter"]
[Black "Slezak, Rudolf"]
[Result "0-1"]
[WhiteElo "1638"]
[BlackElo "1716"]
[PlyCount "119"]
[EventDate "2019.10.13"]
[WhiteTeam "ŠK Lokomotíva Trnava C"]
[BlackTeam "ŠK Obecný úrad Špačince"]

1. d4 Nf6 2. c4 e6 3. Nc3 d5 4. cxd5 exd5 5. e3 Be7 6. Bd3 Nc6 7. Nge2 O-O 8.
Bd2 Re8 9. O-O a6 10. Rc1 Bd6 11. h3 Bd7 12. Qb3 Na5 13. Qc2 Nc6 14. a3 Ne7 15.
e4 dxe4 16. Nxe4 Ned5 17. Bg5 h6 18. Nxd6 cxd6 19. Bh4 Qb6 20. Rfd1 Rac8 21.
Nc3 Kh8 22. Bg3 Be6 23. Kh2 Nxc3 24. bxc3 d5 25. f3 Nh5 26. Be5 Bd7 27. Bf5
Bxf5 28. Qxf5 Qg6 29. Qxg6 fxg6 30. Rd3 Nf6 31. Rb1 b5 32. Kg1 Nd7 33. Bd6 Re6
34. Bg3 Kg8 35. Kf1 Rce8 36. Re1 Nb6 37. Rxe6 Rxe6 38. Rd1 Nc4 39. Ra1 g5 40.
a4 bxa4 41. Rxa4 Kf7 42. Ra1 Kf6 43. Bc7 Rc6 44. Bd8+ Kf7 45. Kf2 Rc8 46. Ba5
Rc6 47. Bb4 a5 48. Bxa5 Ra6 49. Ke2 Rxa5 50. Rxa5 Nxa5 51. Ke3 Nc4+ 52. Kd3 g6
53. g3 h5 54. Kc2 Ke6 55. Kb3 Nd2+ 56. Kb4 Nxf3 57. Kc5 Nd2 58. Kc6 Nc4 59. g4
hxg4 60. hxg4 0-1

[Event "4.liga A22 2019/2020"]
[Site "?"]
[Date "2020.01.12"]
[Round "6.6"]
[White "Sulko, Vit"]
[Black "Moravec, Milan"]
[Result "1/2-1/2"]
[WhiteElo "1625"]
[BlackElo "1598"]
[PlyCount "57"]
[EventDate "2019.10.13"]
[WhiteTeam "ŠK Obecný úrad Špačince"]
[BlackTeam "ŠK Lokomotíva Trnava C"]

1. d4 Nf6 2. c4 g6 3. Nf3 Bg7 4. g3 O-O 5. Bg2 c6 6. O-O d5 7. cxd5 cxd5 8. Nc3
Bd7 9. Ne5 Bc6 10. Nxc6 bxc6 11. e3 Nbd7 12. Bd2 e6 13. Rc1 c5 14. dxc5 Nxc5
15. Qe2 Nfe4 16. Nxe4 Nxe4 17. Rc2 Nxd2 18. Qxd2 Rc8 19. Rfc1 Qd7 20. b3 Be5
21. Bf1 Qb7 22. Bd3 Bd6 23. Rxc8 Rxc8 24. Rxc8+ Qxc8 25. Qc2 Qxc2 26. Bxc2 Bb4
27. Kf1 e5 28. Ke2 d4 29. e4 1/2-1/2

[Event "4.liga A22 2019/2020"]
[Site "?"]
[Date "2020.01.12"]
[Round "6.6"]
[White "Dzivak, Jan"]
[Black "Karel, Jozef"]
[Result "0-1"]
[WhiteElo "1367"]
[BlackElo "1682"]
[PlyCount "82"]
[EventDate "2019.10.13"]
[WhiteTeam "ŠK Lokomotíva Trnava C"]
[BlackTeam "ŠK Obecný úrad Špačince"]

1. c4 Nf6 2. b3 e6 3. Bb2 c5 4. Nf3 Be7 5. g3 O-O 6. Bg2 Nc6 7. O-O d5 8. Qc2
h6 9. Re1 Qc7 10. cxd5 Nxd5 11. Nc3 Ncb4 12. Nxd5 exd5 13. Qc3 Bf6 14. Qc1 Bxb2
15. Qxb2 Re8 16. e3 Nd3 17. Qc3 Bf5 18. Nh4 Be4 19. Bxe4 dxe4 20. f3 Qc6 21. f4
Rad8 22. Rf1 b6 23. Nf5 Qg6 24. Nh4 Qc6 25. Nf5 f6 26. Qc4+ Rd5 27. Nh4 b5 28.
Qc2 Nb4 29. Qc3 Rd3 30. Qb2 Red8 31. Rfd1 Kf7 32. Rac1 Qd5 33. a3 Na6 34. Rc2
Rxb3 35. Qa2 c4 36. a4 Nb4 37. Qxb3 cxb3 38. Rc7+ Rd7 39. Rxd7+ Qxd7 40. axb5
Qxb5 41. Rb1 Nc2 0-1

[Event "4.liga A22 2019/2020"]
[Site "?"]
[Date "2020.01.26"]
[Round "7.1"]
[White "Sturdik, Igor"]
[Black "Kozinka, Roman"]
[Result "1/2-1/2"]
[WhiteElo "1958"]
[BlackElo "1952"]
[PlyCount "35"]
[EventDate "2019.10.13"]
[WhiteTeam "ŠK Obecný úrad Špačince"]
[BlackTeam "ŠK KOMPLET Trnava - Modranka juniori"]

1. e4 c5 2. Nf3 Nc6 3. Nc3 d6 4. d4 cxd4 5. Nxd4 e5 6. Ndb5 a6 7. Na3 h6 8. Nc4
Nf6 9. Bd3 d5 10. exd5 Nxd5 11. Nxd5 Qxd5 12. O-O Qe6 13. Re1 Bc5 14. Be3 Bxe3
15. Rxe3 O-O 16. Qe2 Nd4 17. Qh5 f6 18. Nd2 1/2-1/2

[Event "4.liga A22 2019/2020"]
[Site "?"]
[Date "2020.01.26"]
[Round "7.1"]
[White "Skreko, Igor"]
[Black "Valach, Peter"]
[Result "1-0"]
[WhiteElo "1791"]
[BlackElo "1774"]
[PlyCount "55"]
[EventDate "2019.10.13"]
[WhiteTeam "ŠK KOMPLET Trnava - Modranka juniori"]
[BlackTeam "ŠK Obecný úrad Špačince"]

1. c4 Nf6 2. Nc3 e6 3. d4 Bb4 4. Qc2 c5 5. Nf3 Nc6 6. e3 O-O 7. a3 cxd4 8. exd4
Bxc3+ 9. bxc3 b6 10. Bd3 h6 11. Bf4 d6 12. O-O Ba6 13. Rad1 Na5 14. c5 Bxd3 15.
Rxd3 Nc4 16. cxd6 Nxd6 17. Ne5 Rc8 18. Rh3 Nf5 19. Qd3 Nd5 20. Bd2 Rc7 21. g4
Nh4 22. c4 f6 23. Nc6 Rxc6 24. cxd5 exd5 25. Rxh4 f5 26. g5 hxg5 27. Rh5 Rg6
28. Qh3 1-0

[Event "4.liga A22 2019/2020"]
[Site "?"]
[Date "2020.01.26"]
[Round "7.1"]
[White "Slezak, Rudolf"]
[Black "Longauer, Jan"]
[Result "0-1"]
[WhiteElo "1716"]
[BlackElo "1829"]
[PlyCount "74"]
[EventDate "2019.10.13"]
[WhiteTeam "ŠK Obecný úrad Špačince"]
[BlackTeam "ŠK KOMPLET Trnava - Modranka juniori"]

1. c4 Nf6 2. Nc3 g6 3. g3 Bg7 4. Bg2 O-O 5. Nf3 d6 6. O-O e5 7. d4 exd4 8. Nxd4
Nbd7 9. e3 Re8 10. Qc2 Nc5 11. b4 Ne6 12. Bb2 h5 13. Nce2 Rb8 14. Nf3 Qe7 15.
a4 a5 16. b5 Nc5 17. Ned4 Nfe4 18. Ra3 Bd7 19. Nd2 h4 20. Nxe4 Nxe4 21. Bxe4
Qxe4 22. Qxe4 Rxe4 23. f3 Re7 24. Rb3 b6 25. e4 f5 26. exf5 gxf5 27. Nc6 Bxc6
28. bxc6 hxg3 29. hxg3 Rbe8 30. Bxg7 Kxg7 31. Kg2 Re3 32. Rxe3 Rxe3 33. Kf2 Rc3
34. Re1 Rc2+ 35. Kf1 Kf6 36. g4 fxg4 37. fxg4 Rxc4 0-1

[Event "4.liga A22 2019/2020"]
[Site "?"]
[Date "2020.01.26"]
[Round "7.1"]
[White "Rau, Vladimir"]
[Black "Sulko, Vit"]
[Result "1-0"]
[WhiteElo "1708"]
[BlackElo "1625"]
[PlyCount "55"]
[EventDate "2019.10.13"]
[WhiteTeam "ŠK KOMPLET Trnava - Modranka juniori"]
[BlackTeam "ŠK Obecný úrad Špačince"]

1. d4 d5 2. c4 e6 3. e3 Nf6 4. Nc3 Bb4 5. Bd2 O-O 6. Nf3 b6 7. Qa4 Bxc3 8. Bxc3
Bb7 9. Ne5 Nbd7 10. Bb4 Re8 11. Nc6 Bxc6 12. Qxc6 a5 13. Ba3 Ra7 14. Bd3 Nb8
15. Qa4 Qd7 16. Qc2 g6 17. O-O Na6 18. cxd5 Nxd5 19. Be2 Rc8 20. Rfd1 Nab4 21.
Qb3 c5 22. dxc5 Rxc5 23. Bxb4 axb4 24. e4 Nf4 25. Rxd7 Rxd7 26. Bf3 Rd3 27.
Qxb4 Rg5 28. Kf1 1-0

[Event "4.liga A22 2019/2020"]
[Site "?"]
[Date "2020.01.26"]
[Round "7.1"]
[White "Karel, Jozef"]
[Black "Skreko, Igor"]
[Result "1-0"]
[WhiteElo "1682"]
[BlackElo "1470"]
[PlyCount "91"]
[EventDate "2019.10.13"]
[WhiteTeam "ŠK Obecný úrad Špačince"]
[BlackTeam "ŠK KOMPLET Trnava - Modranka juniori"]

1. e4 e5 2. Nf3 Nf6 3. Nxe5 d6 4. Nf3 Nxe4 5. d4 d5 6. Bd3 Nc6 7. O-O Be7 8.
Re1 Bf5 9. c3 O-O 10. Qc2 Bg6 11. Nbd2 Nxd2 12. Bxd2 Bxd3 13. Qxd3 Qd7 14. Re2
a6 15. Rae1 Rae8 16. Bf4 Bd6 17. Bxd6 Rxe2 18. Rxe2 Qxd6 19. Qf5 Ne7 20. Qd3 f6
21. g3 Qd7 22. Nh4 g5 23. Ng2 Rf7 24. f4 Qf5 25. Qd1 gxf4 26. Nxf4 Rg7 27. Ne6
Rg4 28. Qe1 Re4 29. Rxe4 dxe4 30. Nc5 b6 31. Nxa6 Nd5 32. c4 Ne7 33. Nxc7 Qd7
34. Nb5 Qe6 35. b3 e3 36. Qe2 Nf5 37. Qg4+ Kf7 38. Qe2 Qe4 39. d5 Qb1+ 40. Kg2
Qe4+ 41. Kh3 Kg6 42. Nc3 Qe7 43. Qg4+ Kf7 44. Qxf5 e2 45. Qxh7+ Kf8 46. Qxe7+
1-0

[Event "4.liga A22 2019/2020"]
[Site "?"]
[Date "2020.01.26"]
[Round "7.2"]
[White "Polak, Peter"]
[Black "Kosticky, Simon"]
[Result "1/2-1/2"]
[WhiteElo "1819"]
[BlackElo "1818"]
[PlyCount "110"]
[EventDate "2019.10.13"]
[WhiteTeam "ŠK Dolná Krupá"]
[BlackTeam "ŠK Lokomotíva Trnava C"]

1. e4 c5 2. Nf3 Nc6 3. d4 cxd4 4. Nxd4 d6 5. Nc3 Bd7 6. Be3 Nf6 7. f3 Rc8 8.
Qd2 a6 9. g4 h6 10. h4 e6 11. O-O-O b5 12. Nxc6 Bxc6 13. Bg2 Qa5 14. Kb1 b4 15.
Ne2 d5 16. g5 Nd7 17. Nd4 Bb7 18. g6 e5 19. gxf7+ Kxf7 20. Nb3 Qc7 21. exd5 Bd6
22. Bh3 a5 23. Be6+ Ke7 24. Rhg1 Rhg8 25. Bxg8 Rxg8 26. Bxh6 a4 27. Rxg7+ Rxg7
28. Bxg7 axb3 29. Qg5+ Kf7 30. Qf5+ Ke8 31. Qe6+ Be7 32. cxb3 Qd6 33. Qg8+ Bf8
34. h5 Nf6 35. Qxf8+ Qxf8 36. Bxf8 Kxf8 37. Re1 Bxd5 38. Rxe5 Bxf3 39. h6 Kg8
40. Rb5 Nd5 41. Kc1 Kh7 42. Kd2 Be4 43. a4 bxa3 44. bxa3 Kxh6 45. a4 Kg6 46. a5
Kf6 47. Rc5 Ke6 48. a6 Kd6 49. Rc4 Bf3 50. b4 Nc7 51. Rf4 Bh1 52. a7 Kc6 53.
Rf5 Kb6 54. Ra5 Bb7 55. Kd3 Ba6+ 1/2-1/2

[Event "4.liga A22 2019/2020"]
[Site "?"]
[Date "2020.01.26"]
[Round "7.2"]
[White "Fajnor, Dusan"]
[Black "Brestovansky, Anton"]
[Result "1/2-1/2"]
[WhiteElo "1628"]
[BlackElo "1683"]
[PlyCount "97"]
[EventDate "2019.10.13"]
[WhiteTeam "ŠK Lokomotíva Trnava C"]
[BlackTeam "ŠK Dolná Krupá"]

1. c4 e5 2. Nc3 Nf6 3. g3 Nc6 4. Bg2 d6 5. e3 Be7 6. d3 O-O 7. Nf3 Bg4 8. h3
Bh5 9. Qd2 a6 10. O-O Rb8 11. a4 Bg6 12. Nh4 Nb4 13. Nxg6 fxg6 14. Ne4 Nxe4 15.
Bxe4 c5 16. b3 a5 17. Ba3 b6 18. Bxb4 axb4 19. Bd5+ Kh8 20. Rad1 Bf6 21. Kh2
Qc7 22. Rde1 Rbe8 23. Re2 Re7 24. Kg2 Qd8 25. Rh1 Rc7 26. h4 g5 27. h5 h6 28.
Qc2 Be7 29. Kf1 Rf6 30. Ke1 Qf8 31. Kd1 Bd8 32. Qd2 Re7 33. Rf1 Qe8 34. Rh1 Qf8
35. Qe1 Rf5 36. g4 Rf6 37. Rf1 Qe8 38. f3 Qf8 39. Ref2 Qe8 40. Qd2 Qf8 41. f4
exf4 42. exf4 Qe8 43. fxg5 Rxf2 44. Rxf2 Re5 45. Qf4 Re1+ 46. Kc2 Re2+ 47. Kb1
Re1+ 48. Kc2 Re2+ 49. Kd1 1/2-1/2